[Event "NIV - Tarbes / CEIT III"]
[Site "Tarbes"]
[Date "2007.10.21"]
[Round "1"]
[White "Brauckmann, Hartwich"]
[Black "Langlois, Jérôme"]
[Result "1/2-1/2"]
[WhiteElo "1700"]
[BlackElo "1830"]
[EventDate "2007.10.21"]
[PlyCount "61"]

1.d4 d5 2.Bf4 Nf6 3.e3 Bf5 4.Nf3 e6 5.Bd3 Bxd3 6.cxd3 Bb4+ 7.Nc3 O-O 8.O-O
Nbd7 9.Qb3 Bxc3 10.Qxc3 Rc8 11.b4 Re8 12.Rfc1 c6 13.a4 Nb6 14.Qb2 h6 15.a5
Nbd7 16.Bd6 Nf8 17.Bc5 b6 18.Bxf8 Kxf8 19.axb6 Qxb6 20.Ne5 Rc7 21.Ra4 Nd7 
22.Nxd7+ Rxd7 23.Qa3 Kg8 24.Ra6 Qb8 25.Kf1 Rc8 26.g3 Qb7 27.Ra1 Ra8 28.Qc3
Rc7 29.Qc5 Kh7 30.Ke2 g6 31.Qc3 1/2-1/2

[Event "NIV - Tarbes / CEIT III"]
[Site "Tarbes"]
[Date "2007.10.21"]
[Round "1"]
[White "Carassus, Jean-Louis"]
[Black "Rigal, Samy"]
[Result "0-1"]
[WhiteElo "1870"]
[BlackElo "1667"]
[EventDate "2007.10.21"]
[PlyCount "96"]

1.e4 e5 2.d3 Nc6 3.f4 d6 4.Nf3 Nf6 5.Be2 Be7 6.O-O h6 7.Nc3 Be6 8.f5 Bc8 
9.h3 b6 10.Be3 d5 11.d4 Nxd4 12.Nxe5 Nxe2+ 13.Qxe2 Bd6 14.Nc6 Qd7 15.e5 
Qxc6 16.exd6 cxd6 17.Bxb6+ Kf8 18.Bd4 Ba6 19.Qf3 Bxf1 20.Rxf1 Ne4 21.Qg4 
f6 22.Re1 Nxc3 23.Bxc3 h5 24.Qh4 Kf7 25.Qg3 Rh6 26.Re6 Rd8 27.Bd2 g5 28.h4
Qxc2 29.Qe1 Qxf5 30.Re7+ Kf8 31.hxg5 fxg5 32.Re3 Rf6 33.Rf3 Qg6 34.Ra3 Rf7
35.Qc1 g4 36.Be3 Qh7 37.Bh6+ Ke8 38.Qc6+ Rdd7 39.Bg5 Kf8 40.Qc8+ Kg7 41.
Qc3+ Kg6 42.Be3 Rc7 43.Qd3+ Rf5 44.Ra4 Qe7 45.Rd4 g3 46.Rf4 Qe5 47.Rf1 Qe4
48.Qd2 Rc2 0-1

[Event "NIV - Tarbes / CEIT III"]
[Site "Tarbes"]
[Date "2007.10.21"]
[Round "1"]
[White "Sonko, Babacar"]
[Black "Varmot, Jean-Jacques"]
[Result "0-1"]
[WhiteElo "1810"]
[BlackElo "1900"]
[EventDate "2007.10.21"]
[PlyCount "90"]

1.e4 Nf6 2.e5 Nd5 3.c4 Nb6 4.Nf3 d6 5.d4 Bg4 6.Bd3 Nc6 7.exd6 exd6 8.Be3 
Qf6 9.Nbd2 Qe7 10.O-O O-O-O 11.Re1 Qd7 12.a3 h5 13.Qc2 g6 14.b4 Bg7 15.b5 
Ne7 16.a4 Kb8 17.a5 Nbc8 18.b6 cxb6 19.axb6 Nxb6 20.Qa2 Nec8 21.Be4 Rde8 
22.c5 dxc5 23.Bf4+ Ka8 24.Reb1 Be6 25.Qa5 Bd5 26.Rxb6 Bxe4 27.Ne5 Qxd4 28.
Nxe4 Bxe5 29.Bxe5 Rxe5 30.Nd6 Re2 31.Ne4 Qxe4 32.h3 Re8 33.Rbb1 Qd4 34.Rf1
c4 35.Rad1 Qb6 36.Qd5 Qc7 37.Rc1 Nb6 38.Qa5 Qc6 39.Ra1 a6 40.Rfb1 Nd5 41.
Rd1 Nf4 42.Rd8+ Ka7 43.f3 Rxd8 44.Qxd8 Qb6+ 45.Qxb6+ Kxb6 0-1

[Event "NIV - Tarbes / CEIT III"]
[Site "Tarbes"]
[Date "2007.10.21"]
[Round "1"]
[White "Bunjaku, Rijard"]
[Black "Dia, Hussein"]
[Result "1-0"]
[WhiteElo "1950"]
[BlackElo "1840"]
[EventDate "2007.10.21"]
[PlyCount "49"]

1.e4 d5 2.exd5 Qxd5 3.Nc3 Qa5 4.g3 Nf6 5.Bg2 Bg4 6.Nge2 e5 7.Bxb7 c6 8.
Bxa8 Bf3 9.Rg1 Bc5 10.d3 Ng4 11.Be3 O-O 12.Qd2 Nd7 13.Ne4 Qb6 14.Nxc5 Nxc5
15.Bxc6 Qxc6 16.h3 Nh2 17.Qc3 Rc8 18.Qxc5 Qxc5 19.Bxc5 Rxc5 20.c3 Bh5 21.
Rh1 Nf3+ 22.Kd1 Rd5 23.Kc2 e4 24.d4 Bg6 25.Nf4 1-0

[Event "NIV - Tarbes / CEIT III"]
[Site "Tarbes"]
[Date "2007.10.21"]
[Round "1"]
[White "Rozière, Jean-Louis"]
[Black "Labat, Jory"]
[Result "0-1"]
[WhiteElo "1850"]
[BlackElo "1816"]
[EventDate "2007.10.21"]
[PlyCount "58"]

1.e4 e6 2.d4 d5 3.e5 c5 4.c3 Qb6 5.Nf3 Nc6 6.a3 c4 7.Be2 Bd7 8.Nbd2 f6 9.
exf6 gxf6 10.O-O Qc7 11.b3 cxb3 12.Nxb3 Bd6 13.c4 dxc4 14.Bxc4 Nd8 15.Qe2 
Ne7 16.Nbd2 Kf7 17.Ne4 Ng6 18.Nxd6+ Qxd6 19.g3 Rc8 20.Bb2 Bc6 21.Bd3 Qd5 
22.Rac1 Nf4 23.Qe3 Qxf3 24.Bg6+ hxg6 25.Qxf3 Bxf3 26.gxf4 Nc6 27.Rfe1 Rh4 
28.Re3 Bd5 29.h3 Rch8 0-1

[Event "NIV - Tarbes / CEIT III"]
[Site "Tarbes"]
[Date "2007.10.21"]
[Round "1"]
[White "Rich, Philippe"]
[Black "Noel, Nicolas"]
[Result "1/2-1/2"]
[WhiteElo "2034"]
[BlackElo "1920"]
[EventDate "2007.10.21"]
[PlyCount "51"]

1.e4 e5 2.Nf3 Nc6 3.d4 exd4 4.Bc4 Bb4+ 5.c3 dxc3 6.bxc3 Ba5 7.O-O Nge7 8.
Ng5 Ne5 9.Nxf7 Nxf7 10.Bxf7+ Kxf7 11.Qh5+ Kf8 12.Qxa5 d6 13.Bg5 h6 14.
Bxe7+ Qxe7 15.e5 dxe5 16.Re1 Qd6 17.Na3 b6 18.Qxe5 Qxe5 19.Rxe5 Bd7 20.Rd1
Re8 21.Nc4 Ba4 22.Rd4 Kf7 23.Rde4 Bc6 24.Re3 g5 25.Rxe8 Bxe8 26.Ne5+ 
1/2-1/2

[Event "NIV - Tarbes / CEIT III"]
[Site "Tarbes"]
[Date "2007.10.21"]
[Round "1"]
[White "Ratsiambahotra, Tahiry"]
[Black "Tugayé, Francis"]
[Result "0-1"]
[WhiteElo "1970"]
[BlackElo "2087"]
[EventDate "2007.10.21"]
[PlyCount "134"]

1.c4 Nf6 2.g3 c5 3.Bg2 e6 4.Nc3 d5 5.cxd5 exd5 6.Qb3 c4 7.Qd1 d4 8.Ne4 
Nxe4 9.Bxe4 Qa5 10.Qc2 Qc5 11.Bg2 Nc6 12.Qe4+ Be7 13.Bh3 O-O 14.Bxc8 Raxc8
15.Nf3 Rfe8 16.Kf1 Bd6 17.Qb1 Qd5 18.d3 Nb4 19.dxc4 Qxc4 20.Qf5 g6 21.Qf6 
Re6 22.Qh4 Qxe2+ 23.Kg2 Qe4 24.Bh6 Qxh4 25.gxh4 Re2 26.Nxd4 Rxb2 27.a3 Nd3
28.Be3 Bc5 29.Kf3 Ne5+ 30.Ke4 Re8 31.Kd5 Bb6 32.Rab1 Ra2 33.Rb3 Kg7 34.h5 
Ng4 35.h3 Nf6+ 36.Kc4 Nxh5 37.Re1 Rc8+ 38.Kd3 Nf6 39.Re2 Rxe2 40.Kxe2 Nd5 
41.Nb5 Nxe3 42.fxe3 Rc6 43.Nd4 Bxd4 44.exd4 Rb6 45.Rc3 Kf6 46.Kd3 Ke6 47.
Ke4 f5+ 48.Kf4 Rc6 49.Rb3 b6 50.h4 Kd5 51.Ke3 Re6+ 52.Kd3 Re4 53.Rb5+ Kc6 
54.Rb4 h5 55.a4 Kb7 56.Rb5 Rxh4 57.Re5 Re4 58.Rd5 Kc7 59.a5 h4 60.axb6+ 
axb6 61.Rb5 Kc6 62.Rb1 h3 63.Rg1 Rg4 64.Rh1 Rh4 65.Ke3 Kd5 66.Rb1 h2 67.
Rb5+ Kc6 0-1

[Event "NIV - Tarbes / CEIT III"]
[Site "Tarbes"]
[Date "2007.10.21"]
[Round "1"]
[White "Lemoine, Benoit"]
[Black "Dhorne, Sébastien"]
[Result "0-1"]
[WhiteElo "2128"]
[BlackElo "1999"]
[EventDate "2007.10.21"]
[PlyCount "78"]

1.e4 e5 2.Nf3 Nc6 3.Bb5 a6 4.Ba4 Nf6 5.O-O Be7 6.Re1 b5 7.Bb3 d6 8.c3 O-O 
9.h3 Bb7 10.d4 exd4 11.cxd4 Na5 12.Bc2 c5 13.Nbd2 Nd7 14.Nf1 Re8 15.Ng3 
Rc8 16.d5 Nc4 17.Nf5 Bf6 18.Rb1 Nde5 19.Nh2 g6 20.Nh6+ Kf8 21.f4 Nd7 22.
Nf3 Bg7 23.Ng4 Nf6 24.Ng5 Kg8 25.b3 Nb6 26.Bb2 Nxg4 27.Bxg7 Kxg7 28.Qxg4 
c4 29.b4 Rc7 30.Rf1 Bc8 31.f5 Qf6 32.e5 Rxe5 33.Ne4 Rxe4 34.Bxe4 Qd4+ 35.
Kh1 Nd7 36.fxg6 Nf6 37.gxf7+ Bxg4 38.hxg4 Rxf7 39.Bf5 Nxg4 0-1

[Event "N4 - SteFoy / Foix"]
[Site "?"]
[Date "2007.10.21"]
[Round "?"]
[White "Martin de la Moutte, Paul"]
[Black "Verwaerde, Jolanthe"]
[Result "1-0"]
[WhiteElo "1660"]
[BlackElo "1540"]
[EventDate "2007.??.??"]
[PlyCount "47"]

1.e4 d5 2.exd5 Qxd5 3.Nc3 Qd6 4.d3 Nf6 5.Nge2 a6 6.a3 Nc6 7.g3 Bf5 8.Bg2 
e5 9.O-O Qd7 10.Re1 Bh3 11.Bxc6 Qxc6 12.Nf4 Be6 13.Rxe5 Bd6 14.Rg5 g6 15.
Nxe6 fxe6 16.Qe2 Be7 17.Re5 Qd7 18.Rxe6 Ng8 19.Bg5 c6 20.Bxe7 Nxe7 21.Re1 
O-O-O 22.Rxe7 Qd4 23.Qe6+ Kb8 24.Re4 1-0

[Event "N4 - SteFoy / Foix"]
[Site "?"]
[Date "2007.10.21"]
[Round "?"]
[White "Boulogne, Laurent"]
[Black "Portet, benoit"]
[Result "1-0"]
[WhiteElo "1870"]
[BlackElo "1630"]
[EventDate "2007.??.??"]
[PlyCount "59"]

1.e4 e6 2.d4 d5 3.e5 c5 4.c3 Nc6 5.Nf3 Qb6 6.a3 c4 7.Nbd2 f6 8.Be2 fxe5 9.
Nxe5 Nxe5 10.dxe5 Bc5 11.O-O Ne7 12.b4 cxb3 13.Nxb3 O-O 14.Nxc5 Qxc5 15.
Qd4 Qc7 16.f4 Nf5 17.Qd3 Qc5+ 18.Kh1 Bd7 19.g4 Nh6 20.Be3 Qa5 21.Bd4 Nxg4 
22.Bxg4 Bb5 23.Bxe6+ Kh8 24.Qf3 Bxf1 25.Rxf1 Rad8 26.f5 Qb5 27.f6 g6 28.
Bh3 Qc6 29.e6 h6 30.e7 1-0

[Event "N4 - SteFoy / Foix"]
[Site "?"]
[Date "2007.10.21"]
[Round "?"]
[White "Verwaerde, hervé"]
[Black "Moreau, Emilien"]
[Result "0-1"]
[WhiteElo "1630"]
[BlackElo "1914"]
[EventDate "2007.??.??"]
[PlyCount "62"]

1.e4 c5 2.b4 cxb4 3.a3 d5 4.exd5 Qxd5 5.Nf3 e5 6.axb4 Bxb4 7.c4 Qd6 8.Bb2 
Nc6 9.Nc3 Nf6 10.Qc2 O-O 11.Ne4 Bf5 12.Bd3 Bxe4 13.Bxe4 Nxe4 14.Qxe4 f5 
15.Qh4 Rad8 16.O-O e4 17.Ng5 Qg6 18.Nh3 Bxd2 19.Rfd1 e3 20.Nf4 exf2+ 21.
Qxf2 Bxf4 22.Qxf4 Qg4 23.Qf1 Rxd1 24.Rxd1 Rd8 25.Re1 a5 26.Re2 Qg6 27.Qe1 
h6 28.Re3 Qd6 29.Qg3 Qxg3 30.Rxg3 Rd1+ 31.Kf2 Rd2+ 0-1

[Event "N4 - SteFoy / Foix"]
[Site "?"]
[Date "2007.10.21"]
[Round "?"]
[White "Lacresse, Regis"]
[Black "Masot, Liberto"]
[Result "1/2-1/2"]
[WhiteElo "1970"]
[BlackElo "1844"]
[EventDate "2007.??.??"]
[PlyCount "130"]

1.d4 f5 2.c4 Nf6 3.Nc3 e6 4.a3 c6 5.Nf3 d5 6.cxd5 exd5 7.Bf4 Bd6 8.Bxd6 
Qxd6 9.e3 O-O 10.Bd3 Ne4 11.Ne2 Nd7 12.Rc1 Ndf6 13.h3 Bd7 14.Bb1 Be8 15.
Qb3 Rb8 16.Ne5 Nd7 17.f3 Nef6 18.Nd3 Nh5 19.Kf2 Ndf6 20.Ne5 Nd7 21.g4 Nhf6
22.Nxd7 Bxd7 23.gxf5 Kh8 24.Ng3 a6 25.h4 h6 26.Qd3 Rbe8 27.Rcg1 Re7 28.Re1
Be8 29.Rhg1 Bd7 30.Rg2 Rfe8 31.b4 Qc7 32.Kg1 a5 33.e4 Qf4 34.e5 Qxh4 35.
Rf1 Ng8 36.f4 Rf8 37.Qf3 g5 38.f6 Ref7 39.Nf5 Bxf5 40.Bxf5 Nxf6 41.Rh2 
Qxf4 42.Qxf4 gxf4 43.exf6 Rxf6 44.Bd3 axb4 45.axb4 Rg8+ 46.Kf2 Rg3 47.Rd1 
Re6 48.Bf5 Rf6 49.Bc8 Rg7 50.Re1 Kh7 51.Re5 b6 52.Reh5 Rgf7 53.Kf3 Rf8 54.
Bg4 Ra8 55.Rb2 Ra3+ 56.Kf2 Rg3 57.Bf5+ Kg7 58.Bd7 Rd6 59.Bc8 Rd3 60.b5 
cxb5 61.Rxb5 Rxd4 62.Bb7 Kg6 63.Re5 Kf6 64.Rh5 Kg6 65.Re5 Kf6 1/2-1/2

[Event "N4 - SteFoy / Foix"]
[Site "?"]
[Date "2007.10.21"]
[Round "?"]
[White "Evrard, Emmanuel"]
[Black "Vialaret, Laurent"]
[Result "0-1"]
[WhiteElo "1820"]
[BlackElo "2071"]
[EventDate "2007.??.??"]
[PlyCount "140"]

1.e4 e5 2.f4 Bc5 3.Nf3 d6 4.d3 Nc6 5.Nc3 Bg4 6.Be2 a6 7.Nd5 Nge7 8.c3 Ba7 
9.h3 Bxf3 10.Bxf3 Nxd5 11.exd5 Qh4+ 12.Kd2 Ne7 13.fxe5 O-O-O 14.Qe1 Qf4+ 
15.Kc2 Qxe5 16.d4 Qxe1 17.Rxe1 Rde8 18.Bd2 Ng6 19.g3 Kd8 20.Kd3 Rxe1 21.
Rxe1 Re8 22.Be4 Ne7 23.Rf1 f6 24.h4 h6 25.g4 c6 26.dxc6 bxc6 27.h5 d5 28.
Bf5 Nxf5 29.gxf5 Re7 30.Bf4 Kd7 31.b4 Bb6 32.a4 Ke8 33.Rf2 Bc7 34.Bxc7 
Rxc7 35.Re2+ Kd7 36.c4 Rb7 37.Kc3 Rc7 38.Re6 a5 39.b5 cxb5 40.c5 b4+ 41.
Kb3 Rc6 42.Re2 Rc7 43.Re1 Rc8 44.Rg1 Rg8 45.Rg2 Kd8 46.c6 Kc7 47.Rc2 Re8 
48.Rg2 Re3+ 49.Kb2 Re7 50.Rc2 Re4 51.Rc5 Rxd4 52.Rxa5 Kxc6 53.Ra7 Rg4 54.
Kb3 Kc5 55.Ra5+ Kb6 56.Rxd5 Rf4 57.Rd7 Rxf5 58.Rxg7 Rxh5 59.Rg6 Ka5 60.
Rxf6 Rh3+ 61.Kc4 b3 62.Rf8 h5 63.Ra8+ Kb6 64.Rb8+ Ka6 65.Rb5 h4 66.Rb4 Rg3
67.Rb5 h3 68.Kb4 h2 69.Rh5 b2 70.Ra5+ Kb6 0-1

[Event "N4 - Ste Foy / Foix"]
[Site "?"]
[Date "2007.10.21"]
[Round "?"]
[White "Noll, Dominik"]
[Black "Lanllier, Bruno"]
[Result "1-0"]
[WhiteElo "2120"]
[BlackElo "1930"]
[EventDate "2007.??.??"]
[PlyCount "65"]

1.e4 d6 2.d4 Nf6 3.Nc3 g6 4.f4 Bg7 5.Bd3 O-O 6.Nf3 c5 7.dxc5 dxc5 8.Qe2 
Nc6 9.e5 Nh5 10.Be3 Nd4 11.Qf2 f6 12.Bc4+ Be6 13.Bxe6+ Nxe6 14.Rd1 Qa5 15.
f5 gxf5 16.Qh4 fxe5 17.Qxh5 f4 18.Bd2 Qb4 19.O-O e4 20.Qd5 Qb6 21.Qxe4 
Rae8 22.Nd5 Qd6 23.Bc3 Qa6 24.Bxg7 Kxg7 25.c3 Qc6 26.Ne5 Ng5 27.Qe1 Qa4 
28.Qh4 Rf5 29.Ng4 f3 30.Qh6+ Kg8 31.Nde3 Qf4 32.Nxf5 Qxg4 33.Qg7# 1-0

[Event "Regionale 1 : Condom3/CEIT4"]
[Site "1"]
[Date "2007.10.21"]
[Round "1"]
[White "Bouyssieres, Max"]
[Black "Gonzalez Francois"]
[Result "0-1"]
[WhiteElo "1199"]
[BlackElo "1560"]
[EventDate "2007.??.??"]
[PlyCount "102"]

1.e4 c5 2.Nf3 Nc6 3.d4 cxd4 4.Nxd4 Nf6 5.Nc3 a6 6.Be2 e6 7.O-O d6 8.Be3 
Be7 9.Kh1 O-O 10.f4 Bd7 11.Nxc6 bxc6 12.Qe1 Qc7 13.Bd3 Rfe8 14.Qg3 Nh5 15.
Qh3 g6 16.Bd4 e5 17.Bb6 Qb7 18.Qe3 Nxf4 19.Qf2 c5 20.Bc4 Qxb6 21.Nd5 Nxd5 
22.Bxd5 Be6 23.Bxa8 Rxa8 24.b3 Rb8 25.Qe3 Qd8 26.c4 a5 27.Rf2 a4 28.Qc3 
axb3 29.axb3 Qb6 30.Rb2 Qb7 31.Qd3 f5 32.Re1 fxe4 33.Qxe4 Qxe4 34.Rxe4 Bf5
35.Re1 Bd3 36.Rc1 e4 37.g3 Bf6 38.Ra2 Rxb3 39.Ra8+ Kg7 40.Ra7+ Kh6 41.Rd7 
Be5 42.g4 g5 43.Re7 e3 44.Kg1 Bf4 45.Kg2 Rb2+ 46.Kg1 Bxh2+ 47.Kh1 Be5 48.
Kg1 e2 49.Kf2 e1=Q+ 50.Kxe1 Re2+ 51.Kd1 Rg2 0-1

[Event "Regionale 1 : Condom3/CEIT4"]
[Site "Condom"]
[Date "2007.10.21"]
[Round "1"]
[White "Jacob Claude"]
[Black "Benoit Pierre"]
[Result "1-0"]
[WhiteElo "1680"]
[BlackElo "1360"]
[EventDate "2007.??.??"]
[PlyCount "71"]

1.e4 e5 2.f4 exf4 3.Nf3 Nc6 4.d4 Nf6 5.Nc3 d5 6.e5 Ne4 7.a3 Bf5 8.Bxf4 Be7
9.Bb5 O-O 10.O-O f6 11.Ba4 fxe5 12.Bxc6 bxc6 13.Nxe5 c5 14.Nc6 Qd7 15.
Nxe7+ Qxe7 16.Nxd5 Qd7 17.dxc5 Bg4 18.Qd4 Rfe8 19.c3 Rad8 20.Nxc7 Qxd4+ 
21.cxd4 Rf8 22.Be5 Bf5 23.h3 Ng5 24.b4 g6 25.Kh2 h5 26.Nb5 Ne6 27.Nd6 Ng7 
28.Bxg7 Kxg7 29.Rae1 Rd7 30.Re5 Bd3 31.Rxf8 Kxf8 32.Re3 Bc2 33.Rf3+ Kg7 
34.Rf4 Re7 35.c6 a6 36.c7 1-0

[Event "Regionale 1 : Condom3/CEIT4"]
[Site "Condom"]
[Date "2007.10.21"]
[Round "1"]
[White "Chmargounof Georges"]
[Black "Tauziede Jean-Pierre"]
[Result "1-0"]
[WhiteElo "1510"]
[BlackElo "1700"]
[EventDate "2007.??.??"]
[PlyCount "95"]

1.e4 Nc6 2.d4 d5 3.e5 Bf5 4.c3 e6 5.Ne2 Be7 6.Ng3 Bg6 7.Be2 Qd7 8.O-O Nh6 
9.b4 Nf5 10.Nxf5 Bxf5 11.Na3 a6 12.Qa4 O-O 13.Nc2 Nxe5 14.Qb3 Nc6 15.Ne3 
Bg6 16.b5 Na5 17.Qb2 axb5 18.Bxb5 c6 19.Be2 b5 20.f4 Nc4 21.Bxc4 dxc4 22.
a3 c5 23.Bd2 cxd4 24.cxd4 Bd3 25.Rf3 Bf6 26.Bc3 Bg6 27.Ng4 Qd5 28.Nxf6+ 
gxf6 29.Rg3 h6 30.Qd2 Kh7 31.Rh3 f5 32.Re1 Rg8 33.Re5 Qc6 34.Rc5 Qe4 35.
Re5 Qc6 36.Qf2 Rxa3 37.Qh4 Bh5 38.d5 exd5 39.Qxh5 Qg6 40.Qxf5 Qxf5 41.Rxf5
Rxc3 42.Rxc3 b4 43.Rc1 b3 44.Rxd5 Rc8 45.Rb5 Rd8 46.Rxc4 Rd1+ 47.Kf2 Rb1 
48.Rcb4 1-0

[Event "Regionale 1: Condom3/CEIT4"]
[Site "Condom"]
[Date "2007.10.21"]
[Round "1"]
[White "Berthelot, Nathan"]
[Black "Benayoun, David"]
[Result "1-0"]
[WhiteElo "1657"]
[BlackElo "1730"]
[EventDate "2007.??.??"]
[PlyCount "139"]

1.e4 e5 2.Nf3 Nc6 3.Bb5 d6 4.O-O Bd7 5.c3 Be7 6.d4 exd4 7.cxd4 Nf6 8.Nc3 
O-O 9.Bf4 a6 10.Be2 b5 11.e5 Ne8 12.Nd5 Be6 13.Nxe7+ Nxe7 14.Qd2 Bf5 15.
Bd3 Bxd3 16.Qxd3 Ng6 17.Bg5 Qd7 18.Qe4 d5 19.Qe2 c6 20.Bd2 Nc7 21.Ng5 h6 
22.Nh3 Ne6 23.Bb4 Rfe8 24.Rad1 Ngf4 25.Qg4 Nxh3+ 26.Qxh3 Qa7 27.Qg4 a5 28.
Bd6 Ng5 29.Bc5 Qb7 30.Rc1 Qc8 31.Qxc8 Raxc8 32.f3 Ne6 33.f4 g6 34.g4 g5 
35.fxg5 hxg5 36.Rf5 a4 37.Kf2 Kg7 38.Ke3 Rh8 39.Rc2 Rh3+ 40.Rf3 Rch8 41.
Rf2 Nxc5 42.dxc5 Rxf3+ 43.Kxf3 Re8 44.Re2 Kg6 45.Re3 Re6 46.b4 Kg7 47.a3 
Kf8 48.h4 gxh4 49.Kf4 Ke7 50.g5 Rg6 51.Rh3 Ke6 52.Rxh4 d4 53.Rh6 d3 54.Ke3
Kxe5 55.Kxd3 Kf4 56.Kd4 Kxg5 57.Rh1 Re6 58.Rf1 f5 59.Rg1+ Kf6 60.Rg8 f4 
61.Rf8+ Kg5 62.Rg8+ Kf5 63.Rf8+ Kg4 64.Rg8+ Kf3 65.Rd8 Ke2 66.Rd6 Re3 67.
Rxc6 Rd3+ 68.Ke4 f3 69.Rf6 f2 70.Rxf2+ 1-0

[Event "Regionale 1: Condom3/Ceit4"]
[Site "Condom"]
[Date "2007.10.21"]
[Round "1"]
[White "Landes, Rene"]
[Black "Beaurain, Louis"]
[Result "1/2-1/2"]
[WhiteElo "1758"]
[BlackElo "1783"]
[EventDate "2007.??.??"]
[PlyCount "116"]

1.d4 d5 2.Nf3 e6 3.c4 c5 4.e3 Nf6 5.Nc3 Nc6 6.a3 a6 7.Qc2 Bd6 8.Bd3 dxc4 
9.Bxc4 b5 10.dxc5 bxc4 11.cxd6 Qxd6 12.Ne4 Nxe4 13.Qxe4 Qd5 14.Qc2 Bb7 15.
O-O Rd8 16.Qc3 O-O 17.b3 cxb3 18.Bb2 e5 19.Rad1 Qe6 20.Rxd8 Rxd8 21.Nxe5 
Nxe5 22.Qxe5 Qxe5 23.Bxe5 Rd2 24.f3 Ra2 25.Ra1 Rc2 26.Rb1 Bd5 27.Rb2 Rc1+ 
28.Kf2 f6 29.Bd4 Kf7 30.Ke2 a5 31.Kd2 Rg1 32.Kc3 Rh1 33.h3 Ke7 34.Bb6 Ra1 
35.Bxa5 Kd6 36.Rd2 Kc6 37.Bb4 Ra2 38.Rxa2 bxa2 39.Kb2 f5 40.Bc3 g6 41.a4 
Kc5 42.Ka3 Kc4 43.Bd4 Kd3 44.a5 Kc4 45.a6 Kb5 46.a7 Ka6 47.Kb4 a1=Q 48.
Bxa1 Kxa7 49.Kc5 Bf7 50.h4 Kb7 51.Kd6 g5 52.hxg5 Bg6 53.g3 Kc8 54.Ke5 Kd7 
55.e4 fxe4 56.fxe4 Ke7 57.Kf4 Ke6 58.Bg7 Bf7 1/2-1/2

[Event "Regionale 1 : Condom3 / CEIT4"]
[Site "Condom"]
[Date "2007.10.21"]
[Round "1"]
[White "Dezan, Pierre"]
[Black "Bercouitz Yvan"]
[Result "1-0"]
[WhiteElo "2135"]
[BlackElo "1760"]
[EventDate "2007.??.??"]
[PlyCount "43"]

1.e4 e5 2.Bc4 Nf6 3.d3 Nc6 4.Nf3 Bc5 5.O-O d6 6.c3 Bg4 7.Nbd2 O-O 8.Re1 
Re8 9.Nf1 Na5 10.Bb5 c6 11.Ba4 b5 12.Bc2 Nb7 13.Ng3 Qb6 14.Rf1 a5 15.h3 
Bd7 16.d4 exd4 17.cxd4 Rad8 18.dxc5 Nxc5 19.Be3 Qc7 20.Qd4 Be6 21.Bg5 Nfd7
22.Bxd8 1-0

[Event "REG1-R1 / Auch-Muret 3"]
[Site "?"]
[Date "2007.10.21"]
[Round "1"]
[White "Bougouin, Blaise"]
[Black "Freishwaker"]
[Result "0-1"]
[WhiteElo "1520"]
[BlackElo "1290"]
[EventDate "2007.??.??"]
[PlyCount "60"]

1.d4 Nf6 2.c4 g6 3.Nf3 Bg7 4.Nc3 O-O 5.e4 d6 6.Be3 Bg4 7.Be2 Nc6 8.Qd2 Kh8
9.Bh6 Rg8 10.Bxg7+ Rxg7 11.d5 Ne5 12.Nxe5 dxe5 13.Bxg4 Nxg4 14.f3 Nf6 15.
O-O c6 16.Qg5 Qd6 17.Qe3 Qb4 18.b3 Nd7 19.Na4 e6 20.dxc6 bxc6 21.Rad1 f6 
22.Rd2 a5 23.Rfd1 Rd8 24.Qa7 Nf8 25.Qe3 Rgd7 26.Rxd7 Rxd7 27.Rxd7 Nxd7 28.
Qd3 Kg7 29.Qxd7+ Kh6 30.Qxe6 Qe1# 0-1

[Event "REG1-R1 / Auch-Muret 3"]
[Site "?"]
[Date "2007.10.21"]
[Round "1"]
[White "Heude, Noel"]
[Black "Rouede, Gilbert"]
[Result "1/2-1/2"]
[WhiteElo "1300"]
[BlackElo "1834"]
[EventDate "2007.??.??"]
[PlyCount "68"]

1.d4 d5 2.c4 c6 3.Nc3 Nf6 4.Bg5 e6 5.e3 Nbd7 6.Nf3 Bd6 7.Bd3 O-O 8.O-O a6 
9.cxd5 exd5 10.Qc2 h6 11.Bxf6 Nxf6 12.Rfe1 Bg4 13.Be2 Re8 14.a3 Qc7 15.g3 
Re7 16.Nd2 Rae8 17.b4 Bxg3 18.hxg3 Rxe3 19.Nf1 Rxc3 20.Qxc3 Rxe2 21.Rxe2 
Bxe2 22.Re1 Ne4 23.Qe3 Bxf1 24.Kxf1 Qd7 25.Kg2 Kf8 26.Qf4 Qd8 27.Re3 g5 
28.Qf5 Qf6 29.Rf3 Qxf5 30.Rxf5 Ke7 31.Re5+ Kd7 32.Rf5 Ke6 33.Re5+ Kd7 34.
Rf5 Ke6 1/2-1/2

[Event "RE1-R1 / Auch-Muret 3"]
[Site "?"]
[Date "2007.10.21"]
[Round "1"]
[White "Verges, Jean"]
[Black "Boschetti, Patrick"]
[Result "1-0"]
[WhiteElo "1740"]
[BlackElo "1499"]
[EventDate "2007.??.??"]
[PlyCount "111"]

1.d4 d6 2.Nf3 Bg4 3.c4 Bxf3 4.gxf3 e6 5.e4 Be7 6.Be3 Nf6 7.Rg1 g6 8.Bh6 
Ng8 9.Bg7 Bf6 10.Bxh8 Bxh8 11.Qd2 Qf6 12.f4 Qxd4 13.Qxd4 Bxd4 14.Nc3 Bxc3+
15.bxc3 Nc6 16.a4 Nf6 17.Bd3 O-O-O 18.a5 a6 19.Ke2 Kb8 20.Rgb1 Kc8 21.Kf3 
h6 22.Rg1 e5 23.h3 Rg8 24.f5 g5 25.Ke3 h5 26.Be2 Kd7 27.Bd1 Ke7 28.Be2 h4 
29.Rg2 Nd8 30.Rag1 Nh7 31.Rg4 c5 32.Rb1 f6 33.Rb6 Kd7 34.Rg1 Kc7 35.Rd1 
Nf7 36.Bh5 Rf8 37.Bg6 g4 38.Bxh7 Rd8 39.Bg6 Nh6 40.Bh5 g3 41.fxg3 hxg3 42.
Rg1 Rg8 43.Bg6 Ng4+ 44.hxg4 Rh8 45.Bh5 Rg8 46.Rxg3 Rg5 47.Rg1 Rg8 48.Rgb1 
Rb8 49.Bf7 Kd8 50.Bd5 Kc7 51.Rxb7+ Rxb7 52.Rxb7+ Kc8 53.Ra7 Kd8 54.Rxa6 
Kc7 55.Ra7+ Kb8 56.Rf7 1-0

[Event "REG1-R1/ Auch-Muret 3"]
[Site "?"]
[Date "2007.10.21"]
[Round "1"]
[White "Fabre, Pierre"]
[Black "Le Gallen, Luc"]
[Result "0-1"]
[WhiteElo "1380"]
[BlackElo "1912"]
[EventDate "2007.??.??"]
[PlyCount "48"]

1.d4 d5 2.Nf3 c5 3.e3 Nc6 4.a3 e6 5.Be2 Nf6 6.O-O Bd6 7.h3 O-O 8.Nbd2 Qe7 
9.c4 b6 10.b3 cxd4 11.Nxd4 Nxd4 12.exd4 Bb7 13.Nf3 Rfd8 14.Bb2 Rac8 15.Re1
Bb8 16.Bf1 Ne4 17.Rc1 Qd6 18.Qe2 dxc4 19.bxc4 Ng5 20.Ne5 f6 21.Ng4 h5 22.
Nxf6+ gxf6 23.g3 Nf3+ 24.Kh1 Nxd4+ 0-1

[Event "REG1-R1 / Auch-Muret 3"]
[Site "?"]
[Date "2007.10.21"]
[Round "1"]
[White "Golic, Nadil"]
[Black "Grimmer, Eric"]
[Result "1-0"]
[WhiteElo "2050"]
[BlackElo "1590"]
[EventDate "2007.??.??"]
[PlyCount "49"]

1.d4 e6 2.c4 f5 3.Nc3 Nf6 4.Nf3 d6 5.Bf4 b6 6.e3 Bb7 7.Be2 d5 8.cxd5 exd5 
9.Ne5 g6 10.O-O Bg7 11.Rc1 O-O 12.Qb3 c6 13.Nf3 Nbd7 14.Ng5 c5 15.Ne6 c4 
16.Qd1 Qc8 17.Nxf8 Nxf8 18.Nb5 Ba6 19.Nc7 Rb8 20.Nxa6 Qxa6 21.Bxb8 Qa5 22.
a3 Ne4 23.Rc2 b5 24.f3 Nd6 25.Bxd6 1-0

[Event "Reg 1  Albi - Ceit5"]
[Site "Albi"]
[Date "2007.10.21"]
[Round "1"]
[White "Horsot, Simon"]
[Black "Sac"]
[Result "1-0"]
[WhiteElo "1560"]
[BlackElo "1420"]
[EventDate "2007.??.??"]
[PlyCount "71"]

1.e4 e6 2.Nc3 d5 3.e5 Bb4 4.Qe2 a6 5.d4 c5 6.a3 cxd4 7.axb4 dxc3 8.bxc3 
Qc7 9.Bb2 b5 10.Nf3 Nd7 11.Qe3 Ne7 12.Bxb5 O-O 13.Bd3 Ng6 14.Bxg6 fxg6 15.
O-O Nb6 16.Qc5 Qxc5 17.bxc5 Nc4 18.Ba3 Rb8 19.Rfe1 Bd7 20.Bb4 Bc6 21.Nd4 
Bd7 22.c6 Bc8 23.Bd6 h6 24.Reb1 Nxd6 25.exd6 e5 26.c7 Bd7 27.Nf3 Rf6 28.
Rb6 Re6 29.Raxa6 Rc8 30.Rb8 Ree8 31.Raa8 Kh7 32.Rxc8 Rxc8 33.Rb8 g5 34.
Nxe5 Be6 35.Rxc8 Bxc8 36.d7 1-0

[Event "Reg 1  Albi - Ceit5"]
[Site "Albi"]
[Date "2007.10.21"]
[Round "1"]
[White "Walker"]
[Black "Grondin, Luciano"]
[Result "1-0"]
[WhiteElo "1499"]
[BlackElo "1570"]
[EventDate "2007.??.??"]
[PlyCount "59"]

1.e4 c5 2.Nc3 Nc6 3.Bc4 e6 4.d3 Na5 5.Be3 Nxc4 6.dxc4 Qb6 7.b3 g6 8.Nge2 
Bg7 9.Qd2 Ne7 10.O-O-O Qb4 11.Na4 Qa3+ 12.Kb1 Nc6 13.Bxc5 Qxa4 14.bxa4 b6 
15.Bd4 O-O 16.f4 Bh6 17.g4 f5 18.g5 Bg7 19.Bxg7 Kxg7 20.Qc3+ Kg8 21.e5 Rd8
22.Nd4 Bb7 23.Nxc6 Bxc6 24.Rhf1 Bxa4 25.Qb4 Bc6 26.Rd2 a5 27.Qd6 Rab8 28.
Ka1 b5 29.cxb5 Rxb5 30.Rb1 1-0

[Event "Reg 1  Albi - Ceit5"]
[Site "Albi"]
[Date "2007.10.21"]
[Round "1"]
[White "De Baralle, Michel"]
[Black "Castillo, Antonis"]
[Result "1-0"]
[WhiteElo "1656"]
[BlackElo "1499"]
[EventDate "2007.??.??"]
[PlyCount "96"]

1.d4 d5 2.c4 Nf6 3.Nc3 dxc4 4.e4 h6 5.Bxc4 e6 6.Nf3 Bb4 7.Qc2 c6 8.O-O Ba5
9.Be3 Bxc3 10.bxc3 Nbd7 11.e5 Nd5 12.Bd2 b5 13.Bb3 N7b6 14.a4 bxa4 15.Bxa4
Nxa4 16.Qxa4 Bd7 17.Qa3 Qe7 18.Qxe7+ Nxe7 19.Ra3 O-O 20.Rfa1 Nc8 21.Ne1 f5
22.Nd3 Kf7 23.Nc5 Ke7 24.c4 Rd8 25.Bb4 Kf7 26.Nb7 Re8 27.Nd6+ Nxd6 28.Bxd6
Rec8 29.Rxa7 Rxa7 30.Rxa7 Ke8 31.Kf1 g5 32.Ke2 h5 33.h3 f4 34.Kf3 c5 35.
Ke4 Bc6+ 36.d5 exd5+ 37.cxd5 c4 38.dxc6 Rxc6 39.Ra2 c3 40.Rc2 Kd7 41.Kd3 
Ke6 42.Rxc3 Rxc3+ 43.Kxc3 Kf5 44.Kd3 g4 45.h4 f3 46.g3 Ke6 47.Ke4 Kd7 48.
Kf5 Kc6 1-0

[Event "Reg 1  Albi - Ceit5"]
[Site "Albi"]
[Date "2007.10.21"]
[Round "1"]
[White "Muneret, Maurice"]
[Black "Aurejac, Pierre"]
[Result "0-1"]
[WhiteElo "1736"]
[BlackElo "1650"]
[EventDate "2007.??.??"]
[PlyCount "58"]

1.Nf3 d5 2.d4 Nf6 3.c4 c6 4.Nc3 e6 5.e3 Bb4 6.Bd3 Nbd7 7.O-O O-O 8.Qc2 
dxc4 9.Bxc4 b5 10.Bd3 Bb7 11.Ne5 Bd6 12.f4 h6 13.a3 a5 14.Bd2 a4 15.Na2 
Rc8 16.Nb4 c5 17.Na2 cxd4 18.Qd1 dxe3 19.Bxe3 Nxe5 20.fxe5 Bxe5 21.Qe2 
Bxb2 22.Rab1 Bxa3 23.Bxb5 Ra8 24.Bxa4 Rxa4 25.Rxb7 Qd5 26.Rb5 Qc4 27.Qxc4 
Rxc4 28.Ra5 Bb2 29.Bxh6 gxh6 0-1